header

Anaphora processing (Record no. 45787)

MARC details
000 -LEADER
fixed length control field 01849nam a2200373Ia 4500
082 04 - DEWEY DECIMAL CLASSIFICATION NUMBER
Classification number 415
245 10 - TITLE STATEMENT
Title Anaphora processing
260 ## - PUBLICATION, DISTRIBUTION, ETC. (IMPRINT)
Place of publication Amsterdam ;
-- Philadelphia :
Name of publisher J. Benjamins,
Year of publication c2005.
300 ## - PHYSICAL DESCRIPTION
Number of Pages x, 449 p. :
Other physical details ill.
490 1# - SERIES STATEMENT
Series statement Amsterdam studies in the theory and history of linguistic science. Series IV, Current issues in linguistic theory,
500 ## - GENERAL NOTE
General note Papers presented at the 4th Discourse Anaphora and Anaphor Resolution Colloquium held in Lisbon in Sept. 2002.
650 #0 - SUBJECT ADDED ENTRY--TOPICAL TERM
Topical Term Anaphora (Linguistics)
Topical Term Anaphora (Linguistics)
700 1# - ADDED ENTRY--PERSONAL NAME
Personal name Branco, Antonio.
Personal name McEnery, Tony,
Personal name Mitkov, Ruslan.
856 40 - ELECTRONIC LOCATION AND ACCESS
Uniform Resource Identifier http://site.ebrary.com/lib/rucke/Doc?id=10075856

No items available.

© 2026 Rongo University
Contact us: librarian | system librarian | Rongo university